000 00427nam a2200193Ia 4500
005 20240823050012.0
008 240823s9999||||xx |||||||||||||| ||und||
020 _a978-81-7992-708-3
041 _aENGLISH
082 _A338.040835 Q3
100 _aJack Myrick
245 0 _aSeeds of Success
250 _a1st
260 _c2013
_bJaico
500 _aYES
650 _aSeeds
_bGeneral
942 _cBK
999 _c216256
_d216256